书目信息 |
| 题名: |
3岁决定男孩的一生
|
|
| 作者: | 宋云 编著 | |
| 分册: | ||
| 出版信息: | 北京 京华出版社 2009.08 |
|
| 页数: | 228页 | |
| 开本: | 24cm | |
| 丛书名: | ||
| 单 册: | ||
| 中图分类: | G61 | |
| 科图分类: | ||
| 主题词: | 男性--儿童教育--家庭教育 | |
| 电子资源: | ||
| ISBN: | 978-7-80724-741-8 | |
| 000 | 00742nam0 2200229 450 | |
| 001 | 0103152644 | |
| 005 | 20201103152730.0 | |
| 010 | @a978-7-80724-741-8@dCNY39.80 | |
| 100 | @a20090821e20182009em y0chiy0110 ea | |
| 101 | 0 | @achi |
| 102 | @aCN@b110000 | |
| 105 | @ay z 000yy | |
| 106 | @ar | |
| 200 | 1 | @a3岁决定男孩的一生@A3 sui jue ding nan hai de yi sheng@f宋云编著 |
| 210 | @a北京@c京华出版社@d2009.08@h2018.04 | |
| 215 | @a228页@d24cm | |
| 330 | @a本书针对3岁左右的男孩子的实际情况,通过健康、教育、心理、潜能培养和个性引导等各个方面,为全天下男孩的家长提供参考经验。 | |
| 606 | 0 | @a男性@x儿童教育@x家庭教育 |
| 690 | @aG61@v5 | |
| 701 | 0 | @a宋云@Asong yun@4编著 |
| 801 | 0 | @aCN@bBJSZM@c20201103 |
| 905 | @b1255561-5@dG61@e1036@f5 | |
| 3岁决定男孩的一生/宋云编著.-北京:京华出版社,2009.08(2018.04) |
| 228页;24cm |
| ISBN 978-7-80724-741-8:CNY39.80 |
| 本书针对3岁左右的男孩子的实际情况,通过健康、教育、心理、潜能培养和个性引导等各个方面,为全天下男孩的家长提供参考经验。 |
| ● |
| 相关链接 |
|
|
|
|
正题名:3岁决定男孩的一生
索取号:G61/1036
 
预约/预借
| 序号 | 登录号 | 条形码 | 馆藏地/架位号 | 状态 | 备注 |
| 1 | 1255561 | 212555616 | 第一样本阅览室/ [索取号:G61/1036] | 在馆 | |
| 2 | 1255562 | 212555625 | 教育系资料室/ [索取号:G61/1036] | 在馆 | |
| 3 | 1255563 | 212555634 | 教育系资料室/ [索取号:G61/1036] | 在馆 | |
| 4 | 1255564 | 212555643 | 第四借阅区/ [索取号:G61/1036] | 在馆 | |
| 5 | 1255565 | 212555652 | 第四借阅区/ [索取号:G61/1036] | 在馆 |